[Event "FLOGISTON5"]
[Site "SchemingMind.com"]
[Date "2008.08.12"]
[Round "-"]
[White "Sixmax"]
[Black "Efren ramos"]
[Result "1-0"]
[WhiteCountry "DEN"]
[BlackCountry "NCA"]
[WhiteElo "2106"]
[WhiteRD "84"]
[BlackElo "1906"]
[BlackRD "78"]
[GameID "167060"]

1. e4 e5 2. Nf3 Nf6 3. Nc3 Bb4 4. Nxe5 O-O 5. Nd3 Bxc3 6. dxc3 Nxe4 7. Be2 d5 8. O-O Nc6 9. Re1 Bf5 10. Bf4 Re8
11. Bg4 Bd7 12. Bf3 b6 13. c4 dxc4 14. Bxe4 cxd3 15. Qxd3 Qc8 16. Bxh7+ Kf8 17. Be4 Rb8 18. Qc3 Re6 19. Qh3 Nd4 20. Qh8+ Ke7
21. Qxg7
1-0

[Event "FLOGISTON5"]
[Site "SchemingMind.com"]
[Date "2008.08.12"]
[Round "-"]
[White "Efren ramos"]
[Black "Sixmax"]
[Result "1/2-1/2"]
[WhiteCountry "NCA"]
[BlackCountry "DEN"]
[WhiteElo "1906"]
[WhiteRD "78"]
[BlackElo "2106"]
[BlackRD "84"]
[GameID "167062"]

1. e4 e5 2. Nf3 Nf6 3. d4 Nxe4 4. Bd3 d5 5. Nxe5 Bd6 6. O-O O-O 7. Nc3 Nxc3 8. bxc3 Qh4 9. Re1 Nd7 10. g3 Qh3=
1/2-1/2

[Event "FLOGISTON5"]
[Site "SchemingMind.com"]
[Date "2008.08.13"]
[Round "-"]
[White "Aadsje"]
[Black "Efren ramos"]
[Result "1-0"]
[WhiteCountry "NED"]
[BlackCountry "NCA"]
[WhiteElo "2166"]
[WhiteRD "59"]
[BlackElo "1822"]
[BlackRD "79"]
[GameID "167212"]

1. d4 d5 2. c4 c6 3. Nf3 Nf6 4. e3 Bf5 5. Nc3 e6 6. Nh4 Bg4 7. Qb3 Qb6 8. h3 Bh5 9. g4 Bg6 10. g5 Nfd7
11. Nxg6 hxg6 12. e4 Qxb3 13. axb3 Bb4 14. exd5 exd5 15. f3 O-O 16. Bf4 Re8+ 17. Kf2 dxc4 18. bxc4 Nf8 19. d5 Nbd7 20. Be2 Nc5
21. Na2 a5 22. Nxb4 axb4 23. Rxa8 Rxa8 24. Bd2 b3 25. Bb4 Nfd7 26. Rd1 Ra2 27. Ba3 cxd5 28. Rxd5 b6 29. Bd1 Ra1 30. Bxb3 Nxb3
31. Rxd7 Rc1 32. Rd6 Rxc4 33. Rxb6 Nd4 34. Rb8+ Kh7 35. Rb7 Rc2+ 36. Ke3 Nf5+ 37. Kd3 Rf2 38. Ke4 Re2+ 39. Kf4 Kg8 40. Rb8+
1-0

[Event "FLOGISTON5"]
[Site "SchemingMind.com"]
[Date "2008.08.14"]
[Round "-"]
[White "Efren ramos"]
[Black "Aadsje"]
[Result "1/2-1/2"]
[WhiteCountry "NCA"]
[BlackCountry "NED"]
[WhiteElo "1878"]
[WhiteRD "81"]
[BlackElo "2084"]
[BlackRD "63"]
[GameID "167215"]

1. e4 c5 2. Nf3 Nc6 3. d4 cxd4 4. Nxd4 Nf6 5. Nc3 e5 6. Ndb5 d6 7. Bg5 a6 8. Na3 b5 9. Nd5 Be7 10. Bxf6 Bxf6
11. c3 O-O 12. Nc2 Bg5 13. a4 bxa4 14. Rxa4 a5 15. Bc4 Rb8 16. b3 Kh8 17. O-O f5 18. exf5 Bxf5 19. Nce3 Bd7 20. Ra2 Qe8
21. Qe2 e4 22. f4 exf3 23. Rxf3 Rxf3 24. Qxf3 a4 25. b4 Ne5 26. Qe4 Nxc4=
1/2-1/2

[Event "FLOGISTON5"]
[Site "SchemingMind.com"]
[Date "2008.08.14"]
[Round "-"]
[White "Sixmax"]
[Black "Aadsje"]
[Result "1-0"]
[WhiteCountry "DEN"]
[BlackCountry "NED"]
[WhiteElo "2213"]
[WhiteRD "70"]
[BlackElo "2166"]
[BlackRD "59"]
[GameID "167217"]

1. d4 d5 2. Na3 Nf6 3. c4 c6 4. e3 Bf5 5. Nf3 e6 6. Qb3 Qb6 7. Be2 Bb4+ 8. Bd2 Bxd2+ 9. Nxd2 O-O 10. cxd5 exd5
11. O-O h6 12. Nab1 Na6 13. Nc3 Qxb3 14. Nxb3 Rab8 15. Bxa6 bxa6 16. Na4 Rfe8 17. Na5 Bd7 18. Rac1 c5 19. Nxc5 Rxb2 20. Nxd7 Nxd7
21. Rc7 Rxa2= 22. Nc6 Nf6= 23. Rxa7 Re6 24. Nd8 Rb6 25. Nxf7 a5 26. Ne5 a4 27. h3 Rbb2 28. Nd3 Rb8 29. Nf4 a3 30. Rc1 g5
31. Ng6 Ne8 32. Ne7+ Kf8 33. Nxd5 Rd2 34. Rxa3 Rbb2 35. Rf1 Rb5 36. Nc3 Rb6 37. Ne4 Re2 38. Ra7 Rc2 39. Nc5 Kg8 40. e4 Rd2
41. Ra8 Kf7 42. Nd7 Re6 43. Ne5+ Kg7 44. Ra7+ Kf8 45. Ra4 Kg7 46. f3 h5 47. Rb1 Re7 48. Rb6 Kh7 49. Kh2 Rc7 50. Raa6 g4
51. Rh6+ Kg8 52. Ra8 Re7 53. fxg4 hxg4 54. Ng6 Rh7 55. Rxe8+ Kg7 56. Rxh7+ Kxh7 57. Nf8+ Kg7 58. d5 Kf7 59. Rb8 gxh3 60. Kxh3
1-0

[Event "FLOGISTON5"]
[Site "SchemingMind.com"]
[Date "2008.08.20"]
[Round "-"]
[White "_keyes"]
[Black "Efren ramos"]
[Result "1-0"]
[WhiteCountry "ENG"]
[BlackCountry "NCA"]
[WhiteElo "2027"]
[WhiteRD "73"]
[BlackElo "1822"]
[BlackRD "79"]
[GameID "167907"]

1. d4 d5 2. c4 c6 3. Nc3 Nf6 4. Nf3 dxc4 5. a4 Bf5 6. e3 e6 7. Bxc4 Bb4 8. O-O Nbd7 9. Qe2 Bg4 10. e4 e5
11. Bxf7+ Kxf7 12. Qc4+ Ke8 13. Qxb4 Bxf3 14. gxf3 Qb6 15. Qxb6 axb6 16. Be3 exd4 17. Bxd4 Nh5 18. Ne2 Rf8 19. Kg2 g5 20. Rfd1 Rg8
21. b3 Nf4+ 22. Kf1 Ne6 23. Be3 Ke7 24. f4 gxf4 25. Nxf4 Raf8 26. Nxe6 Kxe6 27. Ke2 Rg2 28. h3 c5 29. Rg1
1-0

[Event "FLOGISTON5"]
[Site "SchemingMind.com"]
[Date "2008.08.21"]
[Round "-"]
[White "_keyes"]
[Black "Aadsje"]
[Result "0-1"]
[WhiteCountry "ENG"]
[BlackCountry "NED"]
[WhiteElo "2008"]
[WhiteRD "72"]
[BlackElo "2143"]
[BlackRD "59"]
[GameID "167908"]

1. d4 d5 2. c4 c6 3. Nc3 Nf6 4. Nf3 e6 5. Bg5 h6 6. Bxf6 Qxf6 7. e4 dxe4 8. Nxe4 Bb4+ 9. Nc3 c5 10. a3 Bxc3+
11. bxc3 Nc6 12. Rc1 cxd4 13. cxd4 O-O 14. Rc2 e5 15. dxe5 Nxe5 16. Nxe5 Qxe5+ 17. Be2 Qa5+ 18. Qd2 Qxa3 19. O-O Be6 20. Ra2 Qc5
21. Ra5 Qc7 22. Ra4 b6 23. Rc1 Rad8 24. Qa2 a5 25. Qb2 Rfe8 26. Bf1 Qf4 27. g3 Qd4 28. Qc2 Bd7 29. Ra3 Qc5 30. Qb2 a4
31. Bg2 Bg4 32. Qc3 Re2 33. Rf1 Rd1
0-1

[Event "FLOGISTON5"]
[Site "SchemingMind.com"]
[Date "2008.08.20"]
[Round "-"]
[White "_keyes"]
[Black "Sixmax"]
[Result "0-1"]
[WhiteCountry "ENG"]
[BlackCountry "DEN"]
[WhiteElo "2008"]
[WhiteRD "72"]
[BlackElo "2231"]
[BlackRD "69"]
[GameID "167910"]

1. d4 c5 2. d5 Nf6 3. c4 e5 4. Nc3 Bd6 5. e4 Qe7 6. Bg5 Na6 7. Bd3 Bc7 8. Nge2 d6 9. f3 O-O 10. Qd2 h6
11. Be3 Ba5 12. a3 Nh5 13. O-O-O Nf6 14. g4 Bd7 15. Rdg1 Nh7 16. h4 b5 17. cxb5 Nc7 18. Qc2 Rfb8 19. a4 a6 20. bxa6 Nxa6
21. Bxa6 Rxa6 22. Kd1 Qe8 23. b3 Rb4 24. Rh2 c4 25. g5 h5 26. Nc1 Nf8 27. Bd2 Qb8 28. Nb5 cxb3 29. Nxb3 Rxa4 30. Bxa5 Qxb5
31. Bc3 Ra3 32. Nc1 Qc5
0-1

[Event "FLOGISTON5"]
[Site "SchemingMind.com"]
[Date "2008.08.20"]
[Round "-"]
[White "Efren ramos"]
[Black "_keyes"]
[Result "0-1"]
[WhiteCountry "NCA"]
[BlackCountry "ENG"]
[WhiteElo "1822"]
[WhiteRD "79"]
[BlackElo "2027"]
[BlackRD "73"]
[GameID "167911"]

1. d4 Nf6 2. c4 e6 3. Nf3 b6 4. a3 Bb7 5. Nc3 Be7 6. Qc2 d5 7. Bg5 O-O 8. e3 h6 9. Bh4 Nbd7 10. cxd5 exd5
11. Bd3 c5 12. O-O c4 13. Bf5 Re8 14. Rfe1 Nf8 15. Ne5 g6 16. Bxg6 fxg6 17. Nxg6 Kg7 18. Nf4 Qd7 19. h3 b5 20. Nce2 Ne4
21. Bxe7 Qxe7 22. Nh5+ Kh8 23. Nef4 a5 24. f3 Nf6 25. Qf5 Nxh5 26. Qxh5 Qg5 27. Kf2 Qxh5 28. Nxh5 Ra6
0-1

[Event "FLOGISTON5"]
[Site "SchemingMind.com"]
[Date "2008.08.21"]
[Round "-"]
[White "Aadsje"]
[Black "_keyes"]
[Result "1-0"]
[WhiteCountry "NED"]
[BlackCountry "ENG"]
[WhiteElo "2143"]
[WhiteRD "59"]
[BlackElo "2008"]
[BlackRD "72"]
[GameID "167912"]

1. d4 Nf6 2. c4 e6 3. Nc3 Bb4 4. e3 O-O 5. Bd3 d5 6. Nf3 c5 7. O-O Nc6 8. a3 Bxc3 9. bxc3 dxc4 10. Bxc4 cxd4
11. exd4 Na5 12. Bd3 Qc7 13. Qc2 h6 14. Ne5 b6 15. Bf4 Qe7 16. Bg3 Bb7 17. f4 Rac8 18. f5 Bd5 19. fxe6 Bxe6 20. Ba6 Rcd8
21. Bh4 g5 22. Bg3 Nd5 23. Ng6 fxg6 24. Qxg6+ Kh8 25. Be5+ Nf6 26. Rxf6
1-0

[Event "FLOGISTON5"]
[Site "SchemingMind.com"]
[Date "2008.08.21"]
[Round "-"]
[White "Sixmax"]
[Black "_keyes"]
[Result "1/2-1/2"]
[WhiteCountry "DEN"]
[BlackCountry "ENG"]
[WhiteElo "2197"]
[WhiteRD "76"]
[BlackElo "2010"]
[BlackRD "72"]
[GameID "167914"]

1. c4 Nf6 2. Nc3 e6 3. b3 b6 4. Bb2 Bb7 5. d4 Bb4 6. Nf3 Ne4 7. Rc1 O-O 8. e3 d6 9. Be2 Nd7 10. O-O Nxc3
11. Bxc3 Bxc3 12. Rxc3 Nf6 13. Rc1 c5 14. Ng5 h6 15. Bf3 d5 16. Nh3 cxd4 17. Qxd4 Qe7 18. cxd5 Nxd5 19. Nf4 Nxf4 20. Qxf4 Bxf3
21. Qxf3 Rac8 22. Qe2 Qa3=
1/2-1/2

[Event "FLOGISTON5"]
[Site "SchemingMind.com"]
[Date "2008.08.29"]
[Round "-"]
[White "smothered mate"]
[Black "_keyes"]
[Result "0-1"]
[WhiteCountry "POL"]
[BlackCountry "ENG"]
[WhiteElo "1886"]
[WhiteRD "52"]
[BlackElo "2008"]
[BlackRD "72"]
[GameID "168870"]

1. e4 c5 2. c3 d5 3. exd5 Qxd5 4. d4 e6 5. Nf3 Nf6 6. Be3 Nbd7 7. Nbd2 Be7 8. Bc4 Qc6 9. Qe2 a6 10. O-O b5
11. Bd3 Bb7 12. Ne1 O-O 13. f3 Nb6 14. Ne4 c4 15. Bc2 Nbd5 16. Rd1 Qc7 17. Nc5 Bxc5 18. dxc5 Nxe3 19. Qxe3 Rac8 20. Be4 Bxe4
21. fxe4 Qxh2+
0-1

[Event "FLOGISTON5"]
[Site "SchemingMind.com"]
[Date "2008.08.28"]
[Round "-"]
[White "smothered mate"]
[Black "Efren ramos"]
[Result "1-0"]
[WhiteCountry "POL"]
[BlackCountry "NCA"]
[WhiteElo "1931"]
[WhiteRD "51"]
[BlackElo "1878"]
[BlackRD "81"]
[GameID "168871"]

1. e4 c5 2. c3 Nf6 3. e5 Nd5 4. g3 d6 5. exd6 exd6 6. Bg2 Nf6 7. Ne2 Be7 8. O-O O-O 9. d4 Nc6 10. a4 Bg4
11. Be3 cxd4 12. cxd4 d5 13. Nbc3 Nb4 14. f3 Bf5= 15. Nf4 Nc2 16. Qd2 Nxa1 17. Rxa1 Re8 18. Bf2 h6 19. Nd3 b6 20. Ne5 Rc8
21. g4 Bh7 22. g5 hxg5 23. Qxg5 Ne4 24. Qf4 Nf6 25. Kh1 Bd6 26. Bh3 Rc7 27. Rg1 Kf8 28. Qg5 Ke7 29. Nxd5+
1-0

[Event "FLOGISTON5"]
[Site "SchemingMind.com"]
[Date "2008.08.28"]
[Round "-"]
[White "smothered mate"]
[Black "Aadsje"]
[Result "0-1"]
[WhiteCountry "POL"]
[BlackCountry "NED"]
[WhiteElo "1886"]
[WhiteRD "52"]
[BlackElo "2143"]
[BlackRD "59"]
[GameID "168872"]

1. d4 d5 2. c4 c6 3. Nf3 Nf6 4. Nc3 e6 5. Bg5 h6 6. Bxf6 Qxf6 7. e3 Nd7 8. a3 dxc4 9. Bxc4 Qg6 10. O-O Bd6
11. Rc1 O-O 12. Bd3 f5 13. Qb3 Nf6 14. Ne5 Bxe5 15. dxe5 Ng4 16. Ne2 Nxe5 17. Nf4 Qf7 18. Be2 g5 19. Bh5 Qe7 20. Nh3 b5
21. f4 Nc4 22. Qc3 g4 23. Nf2 Qg7 24. Qxg7+ Kxg7 25. e4 Bd7 26. Rfd1 Be8 27. Bxe8 Raxe8 28. Rd7+ Rf7 29. Rcd1 Nxb2 30. Rxf7+ Kxf7
31. Rd6 c5 32. Ra6 c4 33. Rxa7+ Kg8 34. Rb7 c3 35. Rxb5 Rc8
0-1

[Event "FLOGISTON5"]
[Site "SchemingMind.com"]
[Date "2008.08.29"]
[Round "-"]
[White "smothered mate"]
[Black "Sixmax"]
[Result "0-1"]
[WhiteCountry "POL"]
[BlackCountry "DEN"]
[WhiteElo "1877"]
[WhiteRD "53"]
[BlackElo "2174"]
[BlackRD "77"]
[GameID "168874"]

1. d4 Nf6 2. c4 c5 3. e3 e6 4. Nc3 d5 5. Nf3 Nc6 6. a3 cxd4 7. exd4 dxc4 8. Bxc4 Be7 9. O-O O-O 10. Bg5 Bd7
11. Re1 Rc8 12. Ba2 h6 13. Bxf6 Bxf6 14. Rc1 Qb6 15. d5 Nd4 16. Ne5 Bxe5 17. Rxe5 Qxb2 18. dxe6 Bxe6 19. Bxe6 fxe6 20. Re3 Qxf2+
0-1

[Event "FLOGISTON5"]
[Site "SchemingMind.com"]
[Date "2008.08.29"]
[Round "-"]
[White "_keyes"]
[Black "smothered mate"]
[Result "1-0"]
[WhiteCountry "ENG"]
[BlackCountry "POL"]
[WhiteElo "2008"]
[WhiteRD "72"]
[BlackElo "1886"]
[BlackRD "52"]
[GameID "168875"]

1. d4 d5 2. c4 e6 3. Nc3 c5 4. cxd5 exd5 5. Nf3 Nc6 6. g3 cxd4 7. Nxd4 Nf6 8. Bg2 Be7 9. O-O O-O 10. Bg5 Be6
11. Rc1 h6 12. Bf4 Rc8 13. Nxc6 bxc6 14. Na4 Qd7 15. Be3 Rfd8 16. Bc5 Kf8 17. Bxe7+ Kxe7 18. Nc5 Qd6 19. Qa4 Rc7 20. Rfd1 Nd7
21. Ne4 Qe5 22. Qa3+ c5 23. f4 Qf5 24. Nxc5 Nxc5 25. Rxc5 Rxc5 26. Qxc5+ Kf6 27. Qd4+ Ke7 28. e4 Qh5 29. exd5 Bg4 30. Qxa7+ Kf8
31. Re1 Be2 32. Qe3 Re8 33. Qc5+ Kg8 34. b4 Qg4 35. a4 Rc8 36. Qe3 Rc2 37. Qe8+ Kh7 38. Be4+
1-0

[Event "FLOGISTON5"]
[Site "SchemingMind.com"]
[Date "2008.08.29"]
[Round "-"]
[White "Efren ramos"]
[Black "smothered mate"]
[Result "1-0"]
[WhiteCountry "NCA"]
[BlackCountry "POL"]
[WhiteElo "1887"]
[WhiteRD "84"]
[BlackElo "1886"]
[BlackRD "52"]
[GameID "168876"]

1. Nf3 d5 2. c4 e6 3. g3 c5 4. Bg2 Nc6 5. cxd5 exd5 6. d4 Nf6 7. O-O a6 8. dxc5 Bxc5 9. Nbd2 O-O 10. Nb3 Ba7
11. Bg5 Be6 12. e3 h6 13. Bxf6 Qxf6 14. Qd2 Rfd8 15. Rac1 d4 16. exd4 Bxb3 17. axb3 Nxd4 18. Nxd4 Rxd4 19. Qe2 Rad8 20. Rc2 Rb4
21. Rc7 Rb8 22. Bd5 Rf8 23. Rxf7 Rxf7 24. Qe8+ Kh7 25. Bxf7 h5 26. Qg8+ Kh6 27. Qh8+
1-0

[Event "FLOGISTON5"]
[Site "SchemingMind.com"]
[Date "2008.08.28"]
[Round "-"]
[White "Aadsje"]
[Black "smothered mate"]
[Result "1-0"]
[WhiteCountry "NED"]
[BlackCountry "POL"]
[WhiteElo "2063"]
[WhiteRD "62"]
[BlackElo "1877"]
[BlackRD "53"]
[GameID "168877"]

1. d4 d5 2. c4 e6 3. Nc3 c5 4. cxd5 exd5 5. Nf3 Nc6 6. g3 Nf6 7. Bg2 a6 8. O-O cxd4 9. Nxd4 Be7 10. Qa4 Qd7
11. Bf4 O-O 12. Rfd1 Rd8 13. Rac1 Bc5 14. Ndb5 Ng4 15. e3 axb5 16. Qxa8 d4 17. Nxb5 dxe3 18. Rxd7 exf2+ 19. Kh1 Bxd7 20. Qxb7 Nce5
21. Bxe5 Be3 22. Qxd7
1-0

[Event "FLOGISTON5"]
[Site "SchemingMind.com"]
[Date "2008.08.29"]
[Round "-"]
[White "Sixmax"]
[Black "smothered mate"]
[Result "1-0"]
[WhiteCountry "DEN"]
[BlackCountry "POL"]
[WhiteElo "2231"]
[WhiteRD "69"]
[BlackElo "1886"]
[BlackRD "52"]
[GameID "168879"]

1. e4 c5 2. c3 e6 3. Nf3 d5 4. exd5 exd5 5. d4 Nc6 6. Be3 cxd4 7. Nxd4 Nf6 8. Be2 a6 9. Nd2 Bd6 10. N2f3 O-O
11. O-O Re8 12. Bg5 h6 13. Bh4 Bg4 14. Qd3 Re4 15. Bd1 Nxd4 16. Nxd4 Be2 17. Bxe2 Rxh4 18. h3 Ne4 19. Bg4 h5 20. Bf5 Qg5
21. Nf3 Qf4 22. Qxd5 Ng5 23. Bh7+ Nxh7 24. Rad1 Bc7 25. Rd4
1-0

[Event "FLOGISTON5"]
[Site "SchemingMind.com"]
[Date "2008.08.29"]
[Round "-"]
[White "Ollowain"]
[Black "_keyes"]
[Result "1/2-1/2"]
[WhiteCountry "GER"]
[BlackCountry "ENG"]
[WhiteElo "2089"]
[WhiteRD "107"]
[BlackElo "2008"]
[BlackRD "72"]
[GameID "169010"]

1. d4 Nf6 2. c4 e6 3. Nc3 Bb4 4. Qc2 d5 5. a3 Bxc3+ 6. Qxc3 dxc4 7. Qxc4 O-O 8. Nf3 c6 9. e3 b6 10. Qc2 Bb7
11. Bd3 Nbd7 12. e4 h6 13. O-O c5 14. e5 Nd5 15. dxc5 Rc8 16. Rd1=
1/2-1/2

[Event "FLOGISTON5"]
[Site "SchemingMind.com"]
[Date "2008.08.29"]
[Round "-"]
[White "Ollowain"]
[Black "Efren ramos"]
[Result "1-0"]
[WhiteCountry "GER"]
[BlackCountry "NCA"]
[WhiteElo "2152"]
[WhiteRD "87"]
[BlackElo "1822"]
[BlackRD "79"]
[GameID "169011"]

1. d4 d5 2. c4 c6 3. Nf3 Nf6 4. Nc3 e6 5. e3 Nbd7 6. Qc2 Bd6 7. g4 dxc4 8. Bxc4 Nd5 9. Ne4 Bb4+ 10. Bd2 Bxd2+
11. Nfxd2 Qe7 12. O-O-O O-O 13. h4 e5 14. h5 N7b6 15. dxe5 Qxe5 16. Nf3 Qe7 17. Neg5 f5 18. h6 g6 19. gxf5 Bxf5 20. Bd3 Bxd3
21. Qxd3 Rad8 22. e4
1-0

[Event "FLOGISTON5"]
[Site "SchemingMind.com"]
[Date "2008.08.29"]
[Round "-"]
[White "Ollowain"]
[Black "smothered mate"]
[Result "1-0"]
[WhiteCountry "GER"]
[BlackCountry "POL"]
[WhiteElo "2066"]
[WhiteRD "112"]
[BlackElo "1931"]
[BlackRD "51"]
[GameID "169012"]

1. d4 d5 2. c4 e6 3. Nc3 c5 4. cxd5 exd5 5. Nf3 Nc6 6. g3 Nf6 7. Bg2 Be6 8. O-O cxd4 9. Nxd4 Bc5 10. Be3 Bb6
11. Na4 Bc7 12. Nc5 Bc8 13. Rc1 O-O 14. Nb5 Bb8 15. Nc3 d4 16. Bxc6 dxe3 17. Qxd8 Rxd8 18. Nxb7 Bxb7 19. Bxb7 Be5 20. Bxa8 Rxa8
21. fxe3 Ng4 22. Rf3 h5 23. h3 Nf6 24. Kg2 Rb8 25. Na4
1-0

[Event "FLOGISTON5"]
[Site "SchemingMind.com"]
[Date "2008.09.03"]
[Round "-"]
[White "Ollowain"]
[Black "Aadsje"]
[Result "1/2-1/2"]
[WhiteCountry "GER"]
[BlackCountry "NED"]
[WhiteElo "2152"]
[WhiteRD "87"]
[BlackElo "2166"]
[BlackRD "59"]
[GameID "169013"]

1. d4 e6 2. c4 Nf6 3. Nc3 Bb4 4. Qc2 d5 5. a3 Bxc3+ 6. Qxc3 Ne4 7. Qc2 O-O 8. Nf3 c5 9. dxc5 a5 10. g3 Nd7
11. Bg2 Ndxc5 12. Nd2 Bd7 13. Nxe4 Nxe4 14. O-O Qc7 15. Bxe4 dxe4= 16. Qxe4 e5= 17. Be3 Be6 18. Rac1 f5 19. Qf3 Rad8 20. Bg5 Rd4
21. c5 f4=
1/2-1/2

[Event "FLOGISTON5"]
[Site "SchemingMind.com"]
[Date "2008.08.31"]
[Round "-"]
[White "Ollowain"]
[Black "Sixmax"]
[Result "1/2-1/2"]
[WhiteCountry "GER"]
[BlackCountry "DEN"]
[WhiteElo "2152"]
[WhiteRD "87"]
[BlackElo "2213"]
[BlackRD "70"]
[GameID "169015"]

1. d4 Nf6 2. c4 c5 3. d5 b5 4. cxb5 a6 5. bxa6 Bxa6 6. Nc3 g6 7. g3 Bg7 8. Bg2 d6 9. Nf3 Qb6 10. Rb1 Nbd7
11. O-O O-O 12. Qc2 Qb7 13. Nd2 Nb6 14. Rd1 Nfxd5 15. Nxd5 Nxd5 16. Nc4 Nb4 17. Bxb7 Nxc2 18. Bxa8 Bxc4 19. b3 Nd4 20. bxc4= Nxe2+
21. Kg2 Nc3 22. Re1 Nxb1 23. Bb7 Re8=
1/2-1/2

[Event "FLOGISTON5"]
[Site "SchemingMind.com"]
[Date "2008.08.29"]
[Round "-"]
[White "_keyes"]
[Black "Ollowain"]
[Result "0-1"]
[WhiteCountry "ENG"]
[BlackCountry "GER"]
[WhiteElo "2027"]
[WhiteRD "73"]
[BlackElo "2152"]
[BlackRD "87"]
[GameID "169016"]

1. d4 Nf6 2. c4 e6 3. Nc3 Bb4 4. e3 O-O 5. Ne2 d5 6. a3 Be7 7. cxd5 exd5 8. Nf4 c6 9. Bd3 Re8 10. Bd2 Nbd7
11. Qc2 Nf8 12. O-O-O Ne6 13. Nfe2 c5 14. Bf5 cxd4 15. exd4= b5 16. Nxb5 Qb6 17. Nbc3 Bd7 18. Bxe6 Bxe6 19. f3 Rec8 20. Be3 Rab8
21. Rd2 Ne8 22. Kd1 Nd6 23. b4 Nc4 24. Rd3 Bf5 25. Bc1 Nxa3
0-1

[Event "FLOGISTON5"]
[Site "SchemingMind.com"]
[Date "2008.08.29"]
[Round "-"]
[White "Efren ramos"]
[Black "Ollowain"]
[Result "0-1"]
[WhiteCountry "NCA"]
[BlackCountry "GER"]
[WhiteElo "1822"]
[WhiteRD "79"]
[BlackElo "2152"]
[BlackRD "87"]
[GameID "169017"]

1. d4 Nf6 2. c4 e6 3. Nf3 b6 4. a3 Bb7 5. Nc3 d5 6. Qc2 dxc4 7. e4 c5 8. d5 exd5 9. exd5 Bd6 10. Bxc4 O-O
11. O-O h6 12. Re1 a6 13. a4 Nbd7 14. Bd2 Qc7 15. Rad1 Ne5 16. Nxe5 Bxe5 17. h3 Rfe8 18. Qf5 Rad8 19. Rxe5 Qxe5 20. Qxe5 Rxe5
21. Bf4 Re7 22. d6 Red7 23. Bd3 Ne8
0-1

[Event "FLOGISTON5"]
[Site "SchemingMind.com"]
[Date "2008.08.29"]
[Round "-"]
[White "smothered mate"]
[Black "Ollowain"]
[Result "0-1"]
[WhiteCountry "POL"]
[BlackCountry "GER"]
[WhiteElo "1931"]
[WhiteRD "51"]
[BlackElo "2066"]
[BlackRD "112"]
[GameID "169018"]

1. e4 e5 2. Nf3 Nc6 3. Bc4 Nf6 4. d4 exd4 5. e5 d5 6. Bb5 Ne4 7. Nxd4 Bd7 8. Bxc6 bxc6 9. O-O Bc5 10. Be3 Qe7
11. f3 Nd6 12. Re1 Nc4 13. Bc1 O-O 14. b3 Nxe5 15. Kh1 Qd6 16. Bb2 Ng6 17. Nc3 Rfe8 18. Qd2 Bb6 19. a4 a6 20. Ba3 Qf4
21. Qxf4 Nxf4 22. Nce2 Nxe2 23. Nxe2 Bf2
0-1

[Event "FLOGISTON5"]
[Site "SchemingMind.com"]
[Date "2008.09.03"]
[Round "-"]
[White "Aadsje"]
[Black "Ollowain"]
[Result "1-0"]
[WhiteCountry "NED"]
[BlackCountry "GER"]
[WhiteElo "2208"]
[WhiteRD "59"]
[BlackElo "2084"]
[BlackRD "83"]
[GameID "169019"]

1. Nf3 Nf6 2. c4 e6 3. d4 b6 4. g3 Ba6 5. b3 Bb4+ 6. Bd2 Be7 7. Bg2 c6 8. O-O d5 9. Bf4 Nbd7 10. Nc3 O-O
11. Qc2 Rc8 12. Rfc1 dxc4 13. bxc4 Bxc4 14. Nd2 b5 15. Nxc4 bxc4 16. e4 Qa5 17. Qa4 Qxa4 18. Nxa4 c5 19. d5 exd5 20. exd5 Nh5
21. Be3 Bd6 22. Nb2 Ne5 23. Nxc4 Nxc4 24. Rxc4 Nf6 25. Ra4 Rc7 26. Ra6 Rd8 27. Rc6 Rxc6 28. dxc6 Ng4 29. Bf4 Bxf4 30. gxf4 Rc8
31. Rc1 Nf6 32. Rxc5 Kf8 33. Rb5 Rc7 34. Rb7 Ne8 35. Kf1 Ke7 36. Ke2 Kd6 37. Rb8 Nf6 38. Rd8+ Kc5 39. Kd3 h6 40. a4 Re7
41. Bf3 Rc7 42. Rb8 Kd6 43. Kc4 g6 44. Rd8+ Ke7 45. Rh8 h5 46. Kc5 Ke6 47. f5+ gxf5 48. Rh6 Ke5 49. Rxf6
1-0

[Event "FLOGISTON5"]
[Site "SchemingMind.com"]
[Date "2008.08.31"]
[Round "-"]
[White "Sixmax"]
[Black "Ollowain"]
[Result "0-1"]
[WhiteCountry "DEN"]
[BlackCountry "GER"]
[WhiteElo "2071"]
[WhiteRD "62"]
[BlackElo "2095"]
[BlackRD "81"]
[GameID "169021"]

1. e4 e5 2. Nf3 Nc6 3. Bb5 a6 4. Bxc6 dxc6 5. O-O f6 6. d4 exd4 7. Nxd4 c5 8. Nb3 Qxd1 9. Rxd1 Bg4 10. f3 Be6
11. Nc3 Bd6 12. e5 fxe5 13. Ne4 O-O-O 14. Bg5 Nf6 15. Nxf6 h6 16. Bh4 Be7 17. Nh5 Bxh4 18. Nxg7 Bd5 19. Nf5 Bf6 20. Nxc5 b6
21. Ne4 Be6 22. Nxf6 Bxf5 23. c3 c6 24. Rxd8+ Rxd8 25. Re1 Rd6 26. Ne8 Rd5 27. b3 Bc2 28. b4 Rd3 29. Rxe5 Rxc3 30. Rh5 Ra3
31. h4 Rxa2 32. Rxh6 Rb2 33. Re6 Kd7 34. Re2 a5 35. bxa5 bxa5 36. Nf6+ Kc7 37. Re7+ Kd6 38. Ra7 Ke5 39. Ng4+ Kf4 40. h5 Kg3
0-1

[Event "FLOGISTON5"]
[Site "SchemingMind.com"]
[Date "2008.09.02"]
[Round "-"]
[White "Ivancic"]
[Black "_keyes"]
[Result "0-1"]
[WhiteCountry "AUS"]
[BlackCountry "ENG"]
[WhiteElo "1916"]
[WhiteRD "73"]
[BlackElo "2027"]
[BlackRD "73"]
[GameID "169424"]

1. e4 c5 2. Nf3 d6 3. d4 cxd4 4. Nxd4 Nf6 5. Nc3 a6 6. Bc4 e6 7. Bb3 Be7 8. g4 h6 9. Rg1 b5 10. g5 hxg5
11. Bxg5 Rxh2 12. f3 Qc7 13. Qd3 Bd7 14. O-O-O b4 15. Nb1 Nc6 16. Be3 Nxd4 17. Bxd4 Bb5 18. Qe3 Re2 19. Qg5 Rc8 20. Nd2 e5
21. Qxg7 exd4 22. Qxf7+ Kd8 23. Rh1 a5 24. Rh8+ Be8 25. Ba4 Qc5 26. Rxe8+ Nxe8 27. Qxe8+ Kc7 28. Qxe7+ Kb8 29. Qe6 d3 30. Qb3 dxc2
31. Rf1 Rxd2 32. Kxd2 c1=Q+ 33. Rxc1 Qxc1+ 34. Kd3 Qf1+ 35. Ke3 Rf8 36. Kd4 Qf2+ 37. Kc4 Qc5+
0-1

[Event "FLOGISTON5"]
[Site "SchemingMind.com"]
[Date "2008.09.02"]
[Round "-"]
[White "Ivancic"]
[Black "Efren ramos"]
[Result "1-0"]
[WhiteCountry "AUS"]
[BlackCountry "NCA"]
[WhiteElo "2027"]
[WhiteRD "93"]
[BlackElo "1878"]
[BlackRD "81"]
[GameID "169425"]

1. e4 Nf6 2. e5 Nd5 3. d4 d6 4. Bc4 Nb6 5. Bb3 dxe5 6. Qf3 e6 7. dxe5 Nc6 8. Qg3 Nd4 9. Bg5 Qd7 10. Nc3 Nxb3
11. axb3 Qc6 12. O-O-O Bd7 13. Nf3 h6 14. Be3 O-O-O 15. Nd4 Qc5 16. Nxe6
1-0

[Event "FLOGISTON5"]
[Site "SchemingMind.com"]
[Date "2008.09.02"]
[Round "-"]
[White "Ivancic"]
[Black "smothered mate"]
[Result "1-0"]
[WhiteCountry "AUS"]
[BlackCountry "POL"]
[WhiteElo "2003"]
[WhiteRD "83"]
[BlackElo "1886"]
[BlackRD "52"]
[GameID "169426"]

1. e4 c5 2. Nf3 d6 3. d4 cxd4 4. Nxd4 Nf6 5. Nc3 g6 6. h3 Bg7 7. Be3 O-O 8. Qd2 Nc6 9. O-O-O Bd7 10. Be2 Rc8
11. Kb1 Ne5 12. g4 Nc4 13. Bxc4 Rxc4 14. f3 b5 15. h4 b4 16. Nd5 Nxd5 17. exd5 a5 18. h5 Qa8 19. hxg6 Qxd5 20. Qh2 fxg6
21. Qxh7+ Kf7 22. Nf5 Qe5 23. Nxg7 Qxg7 24. Qxg7+ Kxg7 25. Bh6+ Kf7 26. Bxf8 Kxf8 27. b3 Rf4 28. Rd3 Bc6 29. Kb2 Kg7 30. c3 Rxf3
31. Rxf3 Bxf3 32. Rg1 e5 33. cxb4 axb4 34. g5 d5 35. Kc2 e4 36. Kd2 d4 37. Rc1 Kf7 38. Rc4 d3 39. Rxb4 Ke6 40. Rb5 Bg4
41. a4 Bf5 42. a5 Kd6 43. a6
1-0